000 00454nam a2200181Ia 4500
005 20240823011738.0
008 240823s9999||||xx |||||||||||||| ||und||
041 _aENGLISH
082 _A004.22 P2
100 _aMahadevan R
245 0 _a"Computer Architecture,4th sem CSE"
250 _a1st
260 _c2002
_b"Aassaan eduCare,Chennai"
500 _aTRANSFERED
650 _aComputer Science
_bComputer Science
942 _cBK
999 _c162416
_d162416